| Tag |
First Indicator |
Second Indicator |
Subfields |
| LEADER |
00000pam a2200000 i 4500 |
| 001 |
in00000665232 |
| 005 |
20170119101028.0 |
| 008 |
800122s1980 nyu 00011 eng |
| 010 |
|
|
|a 80010314
|
| 020 |
|
|
|a 0671254677 :
|c $9.95
|
| 020 |
|
|
|a 0671255479 (deluxe limited ed.) :
|c $30.00
|
| 035 |
|
|
|a (OCoLC)05992512
|
| 035 |
|
|
|9 ACX6029AM
|
| 040 |
|
|
|a DLC
|c DLC
|d TXA
|d UtOrBLW
|
| 049 |
|
|
|a TXAM
|c [1192678]
|
| 050 |
0 |
0 |
|a PZ3.G8319
|b Do 1980
|a PR6013.R44
|
| 050 |
|
4 |
|a PR6013.R44
|b D6 1980b
|
| 090 |
|
|
|a PR6013.R44
|b D63 1980
|
| 100 |
1 |
|
|a Greene, Graham,
|d 1904-1991.
|
| 245 |
1 |
0 |
|a Doctor Fischer of Geneva :
|b or, The bomb party /
|c Graham Greene.
|
| 264 |
|
1 |
|a New York :
|b Simon and Schuster,
|c [1980]
|
| 264 |
|
4 |
|c ©1980
|
| 300 |
|
|
|a 156 pages ;
|c 22 cm.
|
| 336 |
|
|
|a text
|b txt
|2 rdacontent
|
| 337 |
|
|
|a unmediated
|b n
|2 rdamedia
|
| 338 |
|
|
|a volume
|b nc
|2 rdacarrier
|
| 999 |
|
|
|a MARS
|
| 999 |
f |
f |
|s b38eefda-ebb7-35ed-9d2b-9a10b99bd79a
|i cb690ce3-ca41-3e96-b4ee-9552315aa8ce
|t 0
|
| 952 |
f |
f |
|p normal
|a Texas A&M University
|b College Station
|c Sterling C. Evans Library
|d Evans: Library Stacks
|t 0
|e PR6013.R44 D63 1980
|h Library of Congress classification
|i unmediated -- volume
|m A14804234420
|
| 998 |
f |
f |
|a PR6013.R44 D63 1980
|t 0
|l Evans: Library Stacks
|